| 000 | 00682nam a22002057a 4500 | ||
|---|---|---|---|
| 999 |
_c17014 _d17014 |
||
| 003 | AR-CdUCM | ||
| 008 | 190507b ||||| |||| 00| 0 spa d | ||
| 040 |
_aMUNICIPALIDAD PROVINCIAL DEL CUSCO _cBIBLIOTECA MUNICIPAL DEL CUSCO |
||
| 082 |
_a828.9 / _bD77 |
||
| 100 |
_aDoyle, A. Conan. _936826 |
||
| 245 | _aLa casa Girdlestone / | ||
| 260 |
_aBarcelona : _bSopena, |
||
| 300 |
_a270 páginas ; _c19 cm. |
||
| 505 | _aContenido :Sondeando -- Rayo de luz -- Caza y riña -- Las tres caras de la ventana -- Charla en la pradera ... | ||
| 650 |
_aSiglo XX. _98 |
||
| 650 |
_aLiteratura. _983 |
||
| 700 |
_aCasadesús, J. _936827 |
||
| 942 |
_2ddc _cLIBROS |
||
| 945 |
_arum _d2019-05-07 |
||